000 00888cam a22003013a 4500
001 8758
003 PGUSA
005 20140828084100.0
008 050801s2005||||xxu|||||s|||||000 1 eng d
040 _aPGUSA
_beng
042 _adc
050 4 _aPS
050 4 _aPZ
100 1 _aBurroughs, Edgar Rice,
_d1875-1950
245 1 0 _aJungle Tales of Tarzan
_h[electronic resource] /
_cEdgar Rice Burroughs
260 _bProject Gutenberg,
_c2005
506 _aCopyrighted. Read the copyright notice inside this book for details.
516 _aElectronic text
653 _aApes -- Fiction
653 _aTarzan (Fictitious character) -- Fiction
653 _aFantasy fiction
653 _aAfrica -- Fiction
653 _aJungles -- Fiction
653 _aAdventure stories
830 0 _aProject Gutenberg
_v8758
856 4 0 _uhttp://www.gutenberg.org/ebooks/8758
942 _cAB
999 _c275358
_d275358